00621nam a2200193 450000100060000000300080000600500170001400800390003103500140007004000270008404100080011108200220011910000310014124500850017226000600025730000260031750400360034365100480037929354BD-RjUL20211209051413.0140403r19701957nyu b 001 0 eng a(BD-RjUL) aDLCcDLCdBD-RjULbeng aeng00a956.101bRAY 19701 aRamsaur, Ernest Edmondson.14aThe Young Turks :bprelude to the revolution of 1908 /cErnest Edmondson Ramsaur aNew York :bRussell & Russell, cc1957 [Reissued 1970]. axii, 180 p. ;c23 cm. aInclude bibliography and index. 0aTurkeyxPolitics and governmenty1878-1909.